|
|
|
|
| LEADER |
01721nam a22003974a 4500 |
| 001 |
38766 |
| 003 |
BD-DhAAL |
| 005 |
20220612151126.0 |
| 008 |
220612t2008 bg a b 001 0 eng d |
| 999 |
|
|
|c 44370
|d 44370
|
| 010 |
|
|
|a 2008331968
|
| 020 |
|
|
|a 9847021200054
|
| 025 |
|
|
|a B-E-2008-331968; 23
|
| 037 |
|
|
|b Library of Congress -- New Delhi Overseas Office
|c TK600.00 ($60.00 U.S.)
|
| 040 |
|
|
|a DLC
|c DLC
|d BD-DhAAL
|
| 042 |
|
|
|a lcode
|
| 043 |
|
|
|a a-bg---
|
| 050 |
0 |
0 |
|a HV395.6
|b .D48 008
|
| 082 |
|
|
|a 361.8095492
|2 23
|
| 245 |
0 |
0 |
|a Development as conscientization :
|b the case of Nijera Kori in Bangladesh /
|c Abul Barkat ... [et al.] ; foreword by Md. Anisur Rahman.
|
| 260 |
|
|
|a Dhaka :
|b Pathak Shamabesh,
|c 2008.
|
| 300 |
|
|
|a 460 pages :
|b illustrations ;
|c 25 cm.
|
| 500 |
|
|
|a "HDRC."
|
| 504 |
|
|
|a Includes bibliographical references (pages [445]-449) and index.
|
| 520 |
|
|
|a Socioeconomic impact of the work by Nijera Kori, non-government organization, on the poor people in rural Bangladesh.
|
| 541 |
|
|
|a Donated By Akbar Ali Khan
|e 38766
|
| 610 |
2 |
0 |
|a Nijera Kori (Organization)
|9 49223
|
| 650 |
|
0 |
|a Non-governmental organizations
|z Bangladesh.
|9 49224
|
| 650 |
|
0 |
|a Rural development
|z Bangladesh.
|9 49225
|
| 650 |
|
0 |
|a Economic assistance, Domestic
|z Bangladesh.
|9 49226
|
| 650 |
|
0 |
|a Rural poor
|z Bangladesh.
|9 49227
|
| 700 |
1 |
|
|a Barkat, Abul.
|9 49228
|
| 710 |
2 |
|
|a Human Development Research Centre (Dhaka, Bangladesh)
|9 49229
|
| 852 |
|
|
|a Ayesha Abed Library
|c Akbar Ali Khan Collection
|
| 942 |
|
|
|2 ddc
|c BK
|
| 952 |
|
|
|0 0
|1 0
|2 ddc
|4 0
|6 361_809549200000000_DEV
|7 1
|9 70877
|a BRACUL
|b BRACUL
|c AAKC
|d 2022-06-12
|e Donated by Akbar Ali Khan
|l 0
|o 361.8095492 DEV
|p 3010038766
|r 2022-06-12
|t 1
|w 2022-06-12
|y BK
|